[Event "29th Rilton Cup"]
[Site "Stockholm SWE"]
[Date "2000.01.03"]
[Round "6.22"]
[White "Sax, Gyula"]
[Black "Carlsson, Pontus"]
[Result "1/2-1/2"]
[WhiteElo "2588"]
[BlackElo "2186"]
[EventDate "1999.12.27"]
[PlyCount "120"]

1.e4 c5 2.Nf3 d6 3.d4 Nf6 4.Nc3 cxd4 5.Nxd4 g6 6.Be3 Bg7 7.f3 O-O 8.Qd2 
Nc6 9.O-O-O d5 10.Qe1 e5 11.Nxc6 bxc6 12.exd5 Nxd5 13.h4 Be6 14.h5 Rb8 15.
hxg6 hxg6 16.Ne4 f5 17.Nc5 Qb6 18.b3 Nxe3 19.Qxe3 Rfd8 20.Rxd8+ Rxd8 21.
Qg5 Bf7 22.Bc4 Bxc4 23.bxc4 Rd6 24.Nb3 Qb4 25.c5 Qa3+ 26.Kb1 e4 27.Qc1 
Qxc1+ 28.Kxc1 Rd5 29.fxe4 fxe4 30.Rh4 e3 31.Re4 Rf5 32.Kd1 Bh6 33.g4 Rf1+ 
34.Ke2 Rf2+ 35.Kd3 Kf7 36.Nd4 Rd2+ 37.Kc4 Bg7 38.c3 Rxa2 39.Rxe3 Ra4+ 40.
Kb3 Ra5 41.Kb4 Ra2 42.Nxc6 Bf8 43.Rf3+ Ke8 44.Re3+ Kd7 45.Ne5+ Kc7 46.Nd3 
Rg2 47.Re4 Rg3 48.Ne5 Bg7 49.Nxg6 Bxc3+ 50.Kc4 Bf6 51.Nf4 Kb7 52.Nd3 Bg5 
53.Nb4 a5 54.Nd5 Rg2 55.Re8 Rc2+ 56.Kb3 Rg2 57.Ka3 Bd2 58.Ka4 Kc6 59.Nf6 
Bc3 60.Ne4 Kd7 1/2-1/2

[Event "29th Rilton Cup"]
[Site "Stockholm SWE"]
[Date "2000.01.03"]
[Round "6.23"]
[White "Gratka, Krzysztof"]
[Black "Evertsson, Lennart"]
[Result "0-1"]
[WhiteElo "2373"]
[BlackElo "2154"]
[EventDate "1999.12.27"]
[PlyCount "52"]

1.c4 Nf6 2.Nf3 d6 3.Nc3 g6 4.g3 Bg7 5.Bg2 Bg4 6.O-O Qd7 7.Re1 c6 8.d3 Na6 
9.Rb1 Bh3 10.Bh1 h6 11.b4 Ng4 12.Qc2 Rc8 13.a4 O-O 14.Ba3 d5 15.Qb3 Nc7 
16.b5 Rfe8 17.Rec1 e5 18.bxc6 bxc6 19.cxd5 cxd5 20.Qb7 e4 21.Nb5 exf3 22.
exf3 Nxf2 23.Rxc7 Rxc7 24.Qxc7 Qe6 25.g4 Nxg4 26.Qc1 Qe2 0-1

[Event "29th Rilton Cup"]
[Site "Stockholm SWE"]
[Date "2000.01.03"]
[Round "6.24"]
[White "Handke, Florian"]
[Black "Azizi, Haroon"]
[Result "1-0"]
[WhiteElo "2361"]
[BlackElo "2150"]
[EventDate "1999.12.27"]
[PlyCount "127"]

1.d4 f5 2.Bg5 d6 3.Nd2 Nf6 4.Bxf6 exf6 5.e3 Nc6 6.c3 d5 7.Bd3 Bd6 8.Qf3 
Ne7 9.Ne2 Be6 10.Nf4 Bxf4 11.Qxf4 Qd6 12.Qxd6 cxd6 13.f3 a6 14.a4 Rc8 15.
Nf1 Kf7 16.a5 g5 17.Ng3 Rcg8 18.Kf2 h5 19.h4 Ke8 20.Rh2 Kd7 21.Rah1 g4 22.
fxg4 fxg4 23.Ke2 f5 24.Rf1 Rf8 25.Rhh1 Kc7 26.Rf2 Bd7 27.Rhf1 Ng6 28.Nxf5 
g3 29.Nxg3 Bg4+ 30.Kd2 Rxf2+ 31.Rxf2 Nxh4 32.Ne2 Kc6 33.Nf4 Re8 34.Rf1 Bf5
35.Rh1 Bxd3 36.Rxh4 Be4 37.Ke2 Rg8 38.Kf2 Kb5 39.Rxh5 Kxa5 40.b3 b5 41.Rh6
Rd8 42.Rh1 Rc8 43.Rc1 Kb6 44.b4 a5 45.bxa5+ Kxa5 46.Ra1+ Kb6 47.Ra3 Rc4 
48.g4 Ra4 49.Rb3 Ra2+ 50.Kg3 Ra1 51.Ne6 Rg1+ 52.Kf4 Rf1+ 53.Kg5 Rf3 54.Ng7
Rxe3 55.Nf5 Rf3 56.Nxd6 Bd3 57.c4 Kc6 58.c5 Be2 59.Rxf3 Bxf3 60.Nf7 Be4 
61.Ne5+ Kc7 62.Kf4 b4 63.Ke3 b3 64.Nd3 1-0

[Event "29th Rilton Cup"]
[Site "Stockholm SWE"]
[Date "2000.01.03"]
[Round "6.25"]
[White "Ask, Josef"]
[Black "Hermansson, Emil"]
[Result "0-1"]
[WhiteElo "2103"]
[BlackElo "2314"]
[EventDate "1999.12.27"]
[PlyCount "82"]

1.e4 c6 2.d4 d5 3.Nd2 dxe4 4.Nxe4 Bf5 5.Ng3 Bg6 6.h4 h6 7.Nf3 Nf6 8.Ne5 
Bh7 9.Bc4 e6 10.Qe2 Nd5 11.O-O Nd7 12.Nxd7 Qxd7 13.c3 Be7 14.Ne4 Nb6 15.
Bb3 Bxh4 16.Nc5 Qe7 17.Bf4 O-O 18.c4 Bf6 19.Be5 Bxe5 20.Qxe5 a5 21.a4 Rfe8
22.Rfe1 Nd7 23.Nxd7 Qxd7 24.Rad1 Bf5 25.Re3 Bg6 26.Qc5 Qe7 27.Qe5 Qf6 28.
Qc7 Qe7 29.Qe5 Qf6 30.Qc7 Re7 31.Qd6 Bh5 32.Rd2 Ree8 33.Re5 Qf4 34.Rd3 
Rad8 35.Qc5 Qc1+ 36.Kh2 Bg6 37.Rg3 Qxb2 38.Qxa5 Rxd4 39.Qe1 Qd2 40.Qxd2 
Rxd2 41.Rf3 Red8 0-1

[Event "29th Rilton Cup"]
[Site "Stockholm SWE"]
[Date "2000.01.03"]
[Round "6.30"]
[White "Olsson, Anders"]
[Black "Evertsson, Kristian"]
[Result "1-0"]
[WhiteElo "2206"]
[BlackElo "2080"]
[EventDate "1999.12.27"]
[PlyCount "63"]

1.e4 e5 2.Nf3 Nc6 3.Bc4 Nf6 4.d3 Be7 5.O-O O-O 6.Nbd2 d6 7.c3 Nd7 8.d4 Bf6
9.d5 Ne7 10.Re1 c6 11.dxc6 bxc6 12.Nf1 Qc7 13.Ng3 d5 14.Bb3 Nc5 15.Be3 
Nxe4 16.Nxe4 dxe4 17.Nd2 Bf5 18.g4 Bg6 19.g5 Kh8 20.Kh1 Rad8 21.Qe2 Bxg5 
22.Bxg5 f6 23.Be3 Nd5 24.c4 Nxe3 25.fxe3 Qf7 26.c5 Qe8 27.Qg2 f5 28.Rg1 
Rd7 29.Nc4 Qe7 30.Nd6 f4 31.Qh3 Rf6 32.Rxg6 1-0

[Event "29th Rilton Cup"]
[Site "Stockholm SWE"]
[Date "2000.01.03"]
[Round "7"]
[White "Aakesson, Ralf"]
[Black "Ivanov, Sergei"]
[Result "0-1"]
[WhiteElo "2535"]
[BlackElo "2538"]
[EventDate "1999.12.27"]
[PlyCount "68"]

1.d4 d5 2.c4 c6 3.Nc3 e6 4.e3 Nf6 5.Nf3 Nbd7 6.Qc2 Bd6 7.g4 Bb4 8.a3 Bxc3+
9.bxc3 b6 10.Rg1 Bb7 11.Nd2 c5 12.cxd5 exd5 13.g5 Ne4 14.Nxe4 dxe4 15.Bb2 
cxd4 16.cxd4 O-O 17.d5 Re8 18.Rd1 a6 19.Qa4 b5 20.Qd4 Ne5 21.Be2 Rc8 22.
Qxe4 Nc4 23.Qd4 Nxb2 24.Qxb2 Bxd5 25.Kf1 Qd7 26.Bg4 Bc4+ 27.Ke1 Qc7 28.
Bxc8 Qxh2 29.Rg4 Rxc8 30.Rc1 Qh1+ 31.Kd2 Qf3 32.Rcxc4 bxc4 33.Rf4 Rd8+ 34.
Kc3 Rd3+ 0-1

[Event "29th Rilton Cup"]
[Site "Stockholm SWE"]
[Date "2000.01.03"]
[Round "7"]
[White "Matros, Alexander"]
[Black "Berg, Emanuel"]
[Result "1-0"]
[WhiteElo "2391"]
[BlackElo "2348"]
[EventDate "1999.12.27"]
[PlyCount "69"]

1.d4 f5 2.g3 g6 3.Bg2 Nf6 4.Nf3 Bg7 5.O-O O-O 6.c4 d6 7.Nc3 Qe8 8.d5 Na6 
9.Rb1 c5 10.dxc6 bxc6 11.b4 Bd7 12.b5 cxb5 13.cxb5 Nc5 14.a4 Rc8 15.Nd4 
Qf7 16.Nc6 Nfe4 17.Nxe4 fxe4 18.Nxa7 Ra8 19.Nc6 Nxa4 20.Bd2 d5 21.Qc2 Rfc8
22.Rfc1 Nb6 23.Qc5 Bxc6 24.Qxb6 Bd7 25.Rxc8+ Rxc8 26.Be1 Qe8 27.Qb7 e6 28.
b6 Be5 29.e3 Ra8 30.Rc1 Bb2 31.Rc7 Rb8 32.Qa7 Ra8 33.Rxd7 Rxa7 34.bxa7 Ba3
35.Bh3 1-0

[Event "29th Rilton Cup"]
[Site "Stockholm SWE"]
[Date "2000.01.03"]
[Round "7"]
[White "Kempinski, Robert"]
[Black "Galkin, Alexander"]
[Result "0-1"]
[WhiteElo "2549"]
[BlackElo "2535"]
[EventDate "1999.12.27"]
[PlyCount "79"]

1.d4 Nf6 2.c4 e6 3.Nf3 d5 4.Nc3 c5 5.cxd5 Nxd5 6.e3 cxd4 7.exd4 Be7 8.Bd3 
Nc6 9.Qe2 Nf6 10.Be3 O-O 11.Rd1 Nb4 12.Bc4 b6 13.O-O Bb7 14.Ne5 Rc8 15.Rc1
Nbd5 16.Nb5 Ra8 17.Bg5 h6 18.Bxf6 Bxf6 19.Qe4 Bg5 20.Rce1 a6 21.Nc3 Bd2 
22.Ra1 Nxc3 23.Qxb7 Qxd4 24.Nd7 Rfd8 25.bxc3 Qxd7 26.Qxb6 Bxc3 27.Rac1 Bd4
28.Qa5 Qa7 29.Be2 Bb6 30.Qe5 Rd2 31.a4 Rad8 32.Kh1 Bd4 33.Qa5 Bxf2 34.Qxa6
Qd4 35.Rc8 Bh4 36.Bh5 g6 37.Bxg6 Qd5 38.Rxd8+ Bxd8 39.Bxf7+ Kg7 40.Rf3 0-1

[Event "29th Rilton Cup"]
[Site "Stockholm SWE"]
[Date "2000.01.03"]
[Round "7"]
[White "Kallio, Heikki"]
[Black "Ulybin, Mikhail"]
[Result "0-1"]
[WhiteElo "2360"]
[BlackElo "2569"]
[EventDate "1999.12.27"]
[PlyCount "88"]

1.e4 e6 2.d4 d5 3.Nd2 Nf6 4.e5 Nfd7 5.Bd3 c5 6.c3 Nc6 7.Ne2 cxd4 8.cxd4 f6
9.exf6 Qxf6 10.Nf3 h6 11.Be3 Bd6 12.Rc1 O-O 13.Bb1 Rd8 14.a3 Nf8 15.Qd2 
Bd7 16.Bf4 Bxf4 17.Qxf4 Be8 18.Qe3 Rac8 19.b4 Bh5 20.Ne5 Nxe5 21.Qxe5 Qxe5
22.dxe5 Nd7 23.f4 g5 24.g3 Rxc1+ 25.Nxc1 Rc8 26.Kd2 Nb6 27.Bd3 gxf4 28.
gxf4 Nc4+ 29.Bxc4 Rxc4 30.Nd3 Rd4 31.Kc3 Rc4+ 32.Kd2 Bg6 33.Nc5 Bf5 34.
Nxb7 Rc2+ 35.Ke3 Rc3+ 36.Kd4 Rc4+ 37.Ke3 d4+ 38.Kd2 Rc2+ 39.Kd1 Ra2 40.
Rg1+ Kf8 41.Rg3 Rxh2 42.Nd6 Bc2+ 43.Kc1 h5 44.Nb5 h4 0-1

[Event "29th Rilton Cup"]
[Site "Stockholm SWE"]
[Date "2000.01.03"]
[Round "7"]
[White "Socko, Bartosz"]
[Black "Gleizerov, Evgeny"]
[Result "0-1"]
[WhiteElo "2543"]
[BlackElo "2520"]
[EventDate "1999.12.27"]
[PlyCount "172"]

1.e4 e6 2.d4 d5 3.Nc3 Nf6 4.Bg5 Be7 5.e5 Nfd7 6.Bxe7 Qxe7 7.f4 O-O 8.Nf3 
c5 9.Qd2 Nc6 10.dxc5 f6 11.exf6 Qxf6 12.g3 Nxc5 13.O-O-O Rd8 14.Qe1 Bd7 
15.Bb5 Rac8 16.Bxc6 Bxc6 17.Nd4 Be8 18.Qe5 Qxe5 19.fxe5 Kf7 20.h4 Ke7 21.
h5 Ne4 22.Nxe4 dxe4 23.h6 gxh6 24.Ne2 Rxd1+ 25.Kxd1 h5 26.Rh4 Rc5 27.Rxe4 
Bg6 28.Re3 Bxc2+ 29.Ke1 Ba4 30.Nf4 Rc1+ 31.Kf2 Bc6 32.Nxh5 Rh1 33.g4 Rh2+ 
34.Kg3 Rxb2 35.a3 Rg2+ 36.Kh4 h6 37.Nf4 Rh2+ 38.Kg3 Rh1 39.Ne2 Rd1 40.Nc3 
Rd4 41.Ne2 Rd2 42.Kh4 Kf7 43.g5 hxg5+ 44.Kxg5 a5 45.Nf4 Rd1 46.Nd3 Ra1 47.
Nf2 Rf1 48.Re2 Rg1+ 49.Kf4 Rg2 50.Rb2 Kg6 51.Nd3 Rg5 52.Rb1 Bd5 53.Rb6 Bc6
54.Rb1 Rh5 55.Rg1+ Kf7 56.Ke3 Bb5 57.Ke4 Rh3 58.Nc5 Rxa3 59.Kd4 Bc6 60.Rb1
b5 61.Na6 b4 62.Rc1 Bd5 63.Nc7 Bg2 64.Rc2 Bh3 65.Nb5 Ra1 66.Rh2 Rd1+ 67.
Ke3 Bf1 68.Nd6+ Kg6 69.Rb2 Rd3+ 70.Ke4 Rh3 71.Rf2 Bd3+ 72.Kd4 a4 73.Rg2+ 
Kh5 74.Ne8 Kh6 75.Nf6 Bf5 76.Ng8+ Kh5 77.Nf6+ Kh4 78.Kc4 Rb3 79.Rh2+ Kg3 
80.Ra2 Bd3+ 81.Kd4 a3 82.Rd2 Bb1 83.Kc4 a2 84.Ne4+ Bxe4 85.Rxa2 Bd5+ 86.
Kb5 Rb1 0-1

[Event "29th Rilton Cup"]
[Site "Stockholm SWE"]
[Date "2000.01.03"]
[Round "7"]
[White "Yakovich, Yury"]
[Black "Bellon Lopez, Juan Manuel"]
[Result "1-0"]
[WhiteElo "2592"]
[BlackElo "2463"]
[EventDate "1999.12.27"]
[PlyCount "163"]

1.d4 Nf6 2.Nf3 c5 3.d5 b5 4.Bg5 d6 5.e4 a6 6.Nbd2 g6 7.a4 b4 8.Bxf6 exf6 
9.Nc4 Bh6 10.a5 Ra7 11.Bd3 O-O 12.O-O Bg4 13.h3 Bxf3 14.Qxf3 Nd7 15.Qe2 
Ne5 16.c3 Nxc4 17.Bxc4 Re8 18.Qd3 Qe7 19.cxb4 cxb4 20.Ra4 Qc7 21.Bxa6 Qc5 
22.Qc4 Rea8 23.Qxc5 dxc5 24.Bc4 Rxa5 25.Rxa5 Rxa5 26.d6 Bf4 27.Rd1 Ra8 28.
d7 Rd8 29.b3 Be5 30.Rd5 Bd4 31.Kf1 Kf8 32.Ba6 Ke7 33.Bc8 h5 34.Ke2 Ke6 35.
Bb7 Ke7 36.Bc8 Ke6 37.Bb7 Ke7 38.Bc6 Rb8 39.f4 Kd8 40.Kd3 h4 41.Ke2 Rb6 
42.Ba4 Re6 43.Kd3 Rb6 44.f5 Ra6 45.Kc4 Rb6 46.Bb5 Be3 47.Rd3 Bd4 48.Rd2 
Rb8 49.Ra2 Ke7 50.Ra7 g5 51.Ba4 Bg1 52.Ra6 Bf2 53.Kd5 Bd4 54.Rc6 Kd8 55.
Ra6 Ke7 56.Ra5 Rd8 57.Ra7 Rb8 58.Ra6 Kd8 59.Kc4 Ke7 60.Kd5 Kd8 61.Bc6 Ke7 
62.Ba4 Kd8 63.Kc6 Ke7 64.e5 Bxe5 65.Kxc5 Bc3 66.Bb5 Rg8 67.Ra2 Be5 68.Kxb4
g4 69.hxg4 Rxg4+ 70.Kc5 Rg8 71.Bc6 Bd6+ 72.Kc4 Rb8 73.Re2+ Be5 74.b4 Kd6 
75.b5 Ke7 76.Re4 Rh8 77.Rg4 Kd6 78.Rg7 h3 79.gxh3 Kc7 80.Kc5 Bd4+ 81.Kd5 
Bb6 82.Rxf7 1-0

[Event "29th Rilton Cup"]
[Site "Stockholm SWE"]
[Date "2000.01.03"]
[Round "7"]
[White "Nataf, Igor-Alexandre"]
[Black "Volzhin, Alexander"]
[Result "1-0"]
[WhiteElo "2504"]
[BlackElo "2562"]
[EventDate "1999.12.27"]
[PlyCount "51"]

1.e4 c6 2.d4 d5 3.e5 Bf5 4.Nc3 e6 5.g4 Bg6 6.Nge2 Ne7 7.Nf4 c5 8.h4 cxd4 
9.Nb5 Nec6 10.h5 Be4 11.f3 a6 12.fxe4 axb5 13.exd5 exd5 14.h6 g6 15.Bg2 
Bb4+ 16.Bd2 Bxd2+ 17.Qxd2 O-O 18.Nxd5 Nd7 19.O-O Ndxe5 20.g5 Nc4 21.Qf4 
Qd6 22.Qf6 Qxf6 23.Nxf6+ Kh8 24.Nd7 Rfd8 25.Rxf7 Nd6 26.Raf1 1-0

[Event "29th Rilton Cup"]
[Site "Stockholm SWE"]
[Date "2000.01.03"]
[Round "7"]
[White "Agrest, Evgenij"]
[Black "Radziewicz, Iweta"]
[Result "0-1"]
[WhiteElo "2554"]
[BlackElo "2395"]
[EventDate "1999.12.27"]
[PlyCount "106"]

1.c4 g6 2.d4 Bg7 3.e4 c5 4.Nf3 Qb6 5.dxc5 Qxc5 6.Be2 d6 7.O-O Bg4 8.Be3 
Qc7 9.Qd2 Nc6 10.Nc3 Nf6 11.Rac1 O-O 12.b3 Rfc8 13.h3 Bxf3 14.Bxf3 Qd8 15.
Be2 Qf8 16.Bd3 Rd8 17.Bb1 e5 18.Rcd1 Ne8 19.f4 exf4 20.Bxf4 Be5 21.Be3 Nc7
22.Bg5 Re8 23.Nd5 Nxd5 24.exd5 Nb8 25.Qb4 b6 26.Kh1 f6 27.Qa4 Re7 28.b4 
Nd7 29.Qb3 fxg5 30.Rxf8+ Rxf8 31.Qe3 g4 32.hxg4 Rf4 33.g3 Rxg4 34.Rg1 Rxc4
35.Bd3 Rxb4 36.Bf1 Nf6 37.Bh3 Kg7 38.Qf3 Rc7 39.Be6 Rb2 40.Rg2 Rc1+ 41.Kh2
Rc3 42.Qxf6+ Kxf6 43.Rxb2 Rxg3 44.Rf2+ Rf3+ 45.Kg2 Rxf2+ 46.Kxf2 h5 47.Kf3
g5 48.Bd7 g4+ 49.Kg2 Kg5 50.Bc8 h4 51.Bd7 h3+ 52.Kf2 Kf4 53.Kg1 Kg3 0-1

[Event "29th Rilton Cup"]
[Site "Stockholm SWE"]
[Date "2000.01.03"]
[Round "7"]
[White "Brynell, Stellan"]
[Black "Macieja, Bartlomiej"]
[Result "1/2-1/2"]
[WhiteElo "2488"]
[BlackElo "2542"]
[EventDate "1999.12.27"]
[PlyCount "36"]

1.d4 Nf6 2.Nf3 e6 3.e3 b6 4.Bd3 Bb7 5.O-O c5 6.c4 Be7 7.Nc3 cxd4 8.exd4 d5
9.cxd5 Nxd5 10.Ne5 O-O 11.Qh5 Nf6 12.Qh4 Nbd7 13.Rd1 Re8 14.Bg5 h6 15.Bxh6
gxh6 16.Qg3+ Kf8 17.Nxf7 Kxf7 18.Qg6+ Kf8 1/2-1/2

[Event "29th Rilton Cup"]
[Site "Stockholm SWE"]
[Date "2000.01.03"]
[Round "7"]
[White "Oral, Tomas"]
[Black "Aengskog, Kent"]
[Result "1-0"]
[WhiteElo "2541"]
[BlackElo "2247"]
[EventDate "1999.12.27"]
[PlyCount "81"]

1.e4 g6 2.d4 Bg7 3.Nc3 d6 4.Be3 a6 5.f4 b5 6.Be2 Bb7 7.Bf3 e6 8.e5 Bxf3 9.
Qxf3 d5 10.O-O-O Ne7 11.g4 Qd7 12.Kb1 Nbc6 13.Nge2 b4 14.Na4 Nxe5 15.fxe5 
Qxa4 16.Rhf1 Rf8 17.Bg5 Rb8 18.Nc1 c5 19.Bf6 Bxf6 20.exf6 Nc6 21.dxc5 Kd7 
22.Qf4 Kc8 23.c4 dxc4 24.Qxc4 Rd8 25.Rxd8+ Nxd8 26.Nd3 Qb5 27.Qxb5 Rxb5 
28.Re1 a5 29.Re3 h5 30.gxh5 gxh5 31.Rh3 e5 32.Rxh5 e4 33.Nf2 e3 34.Nd3 Ne6
35.Re5 Kc7 36.Rxe3 Nxc5 37.Re5 Kd6 38.h4 a4 39.Rxc5 Rxc5 40.Nxc5 Kxc5 41.
h5 1-0

[Event "29th Rilton Cup"]
[Site "Stockholm SWE"]
[Date "2000.01.03"]
[Round "7"]
[White "Hector, Jonny"]
[Black "Bartel, Mateusz"]
[Result "1-0"]
[WhiteElo "2505"]
[BlackElo "2343"]
[EventDate "1999.12.27"]
[PlyCount "73"]

1.Nc3 d5 2.d4 Nf6 3.Bg5 Nbd7 4.Nf3 h6 5.Bf4 c6 6.e3 e6 7.Bd3 Bb4 8.O-O Qa5
9.Ne2 Be7 10.a3 c5 11.b4 cxb4 12.axb4 Qd8 13.c3 O-O 14.h3 Nb6 15.Qb3 a6 
16.Ra5 Bd7 17.Rfa1 Ne8 18.Nc1 Nd6 19.Bb1 Bb5 20.Qc2 f5 21.Nb3 Nbc4 22.Nc5 
Qc8 23.R5a2 b6 24.Nd3 Ne4 25.Qc1 Ncd6 26.Ra3 Bc4 27.Bxd6 Nxd6 28.Nde5 Nb5 
29.Nxc4 Qxc4 30.Ne5 Qc7 31.Rxa6 Rxa6 32.Rxa6 Nxc3 33.Qb2 Bd6 34.Bd3 Rc8 
35.Nf3 Nd1 36.Qd2 Qc1 37.Ra8 1-0

[Event "29th Rilton Cup"]
[Site "Stockholm SWE"]
[Date "2000.01.03"]
[Round "7"]
[White "Brustman, Agnieszka"]
[Black "Votava, Jan"]
[Result "0-1"]
[WhiteElo "2383"]
[BlackElo "2497"]
[EventDate "1999.12.27"]
[PlyCount "78"]

1.e4 c5 2.Nf3 e6 3.d4 cxd4 4.Nxd4 d6 5.Bd3 g6 6.O-O Bg7 7.Bb5+ Nd7 8.Nc3 
a6 9.Bc4 Ne5 10.Bb3 Ne7 11.Bg5 h6 12.Be3 g5 13.Nde2 N7g6 14.Qd2 Ng4 15.Bd4
Be5 16.g3 b5 17.f3 Nf6 18.Rad1 Bb7 19.Qe3 Qe7 20.Bb6 Rg8 21.Ba5 Nd7 22.a4 
Nc5 23.axb5 axb5 24.Ra1 Bc6 25.Bb4 Rxa1 26.Rxa1 Kf8 27.Ra5 Kg7 28.Nxb5 Nb7
29.Nbd4 Nxa5 30.Bxa5 Bb7 31.Bb4 Ra8 32.Ba3 Qf6 33.Bc4 Ra4 34.Qd3 Bxd4+ 35.
Nxd4 Ne5 36.Nxe6+ fxe6 37.Qxd6 Rxc4 38.f4 gxf4 39.gxf4 Qxf4 0-1

[Event "29th Rilton Cup"]
[Site "Stockholm SWE"]
[Date "2000.01.03"]
[Round "7"]
[White "Hermansson, Emil"]
[Black "Wedberg, Tom"]
[Result "1-0"]
[WhiteElo "2314"]
[BlackElo "2487"]
[EventDate "1999.12.27"]
[PlyCount "95"]

1.e4 e5 2.Nf3 Nc6 3.Bb5 a6 4.Ba4 Nf6 5.O-O Be7 6.Re1 b5 7.Bb3 d6 8.c3 O-O 
9.h3 Na5 10.Bc2 c5 11.d4 Nc6 12.a4 Rb8 13.d5 Na5 14.b3 Qc7 15.Na3 bxa4 16.
bxa4 c4 17.Be3 Bd7 18.Nd2 g6 19.Rb1 Nh5 20.Qe2 Nf4 21.Qf1 Nd3 22.Rxb8 Rxb8
23.Rb1 Nb2 24.Naxc4 Naxc4 25.Nxc4 Nxa4 26.Rxb8+ Qxb8 27.Bxa4 Bxa4 28.Nb6 
Bb5 29.c4 Be8 30.Qa1 Qb7 31.c5 dxc5 32.Qxe5 f6 33.Qe6+ Bf7 34.Qc6 Qxc6 35.
dxc6 Bd6 36.Nd7 Be6 37.Bxc5 Bxc5 38.Nxc5 Bc8 39.Nb7 Kf8 40.Kf1 Ke7 41.Ke2 
f5 42.e5 Be6 43.Nc5 Bc4+ 44.Ke3 Kd8 45.Kd4 Bb5 46.Kd5 Kc7 47.Ne6+ Kc8 48.
Nd4 1-0

[Event "29th Rilton Cup"]
[Site "Stockholm SWE"]
[Date "2000.01.03"]
[Round "7"]
[White "Socko, Monika"]
[Black "Olsson, Anders"]
[Result "1-0"]
[WhiteElo "2438"]
[BlackElo "2206"]
[EventDate "1999.12.27"]
[PlyCount "87"]

1.d4 Nf6 2.Nf3 g6 3.c4 Bg7 4.Nc3 d6 5.e4 O-O 6.Be2 e5 7.O-O Nc6 8.d5 Ne7 
9.Ne1 Ne8 10.Nd3 f5 11.f4 exf4 12.Bxf4 h6 13.e5 g5 14.exd6 cxd6 15.Be3 Nf6
16.Qb3 b6 17.Rae1 f4 18.Bf2 Ng4 19.Bxg4 Bxg4 20.Nb5 Nf5 21.Nb4 f3 22.Re4 
fxg2 23.Kxg2 Bh5 24.Qh3 Bg6 25.Re6 Rf6 26.Kg1 Qf8 27.Nc6 Qf7 28.Rxf6 Bxf6 
29.Nbd4 Ng7 30.Bg3 Bd3 31.Rf3 Bxc4 32.Qxh6 Bxd4+ 33.Nxd4 Qxd5 34.Bf2 Ba6 
35.Rh3 Bb7 36.Qh7+ Kf7 37.Rf3+ Qxf3 38.Nxf3 Bxf3 39.Bd4 Rg8 40.Bxg7 Rxg7 
41.Qf5+ Kg8 42.Qxf3 g4 43.Qd5+ Kh7 44.Qxd6 1-0

[Event "29th Rilton Cup"]
[Site "Stockholm SWE"]
[Date "2000.01.03"]
[Round "7"]
[White "Bergqvist, Mats"]
[Black "Ernst, Thomas"]
[Result "0-1"]
[WhiteElo "2184"]
[BlackElo "2409"]
[EventDate "1999.12.27"]
[PlyCount "82"]

1.d4 Nf6 2.Nf3 e6 3.e3 c5 4.b3 b6 5.Bb2 Bb7 6.Nbd2 cxd4 7.exd4 Be7 8.Bd3 
Nc6 9.O-O O-O 10.Re1 Rc8 11.Ne5 Nb4 12.Re3 d6 13.Ng4 Nxd3 14.Nxf6+ Bxf6 
15.Rxd3 Qd7 16.c3 e5 17.c4 Qf5 18.Nf1 Qe4 19.f3 Qg6 20.Ng3 h5 21.Re3 Bg5 
22.Re1 Bf4 23.dxe5 h4 24.Nf1 h3 25.g3 Rcd8 26.Qe2 dxe5 27.Rad1 Rxd1 28.
Qxd1 e4 29.fxe4 Bd6 30.Bd4 Bb4 31.Re3 Rd8 32.Qa1 Bxe4 33.a3 Bf8 34.b4 Ba8 
35.Nd2 Qc2 36.Qc3 Qd1+ 37.Kf2 Qh1 38.Nf1 Bg2 39.Nd2 Qxh2 40.Ke2 Ba8+ 41.
Kd3 Qg2 0-1

[Event "29th Rilton Cup"]
[Site "Stockholm SWE"]
[Date "2000.01.03"]
[Round "7"]
[White "Westerinen, Heikki"]
[Black "Handke, Florian"]
[Result "1-0"]
[WhiteElo "2382"]
[BlackElo "2361"]
[EventDate "1999.12.27"]
[PlyCount "117"]

1.e4 c5 2.Nf3 e6 3.Nc3 a6 4.g3 b5 5.Bg2 Bb7 6.d3 d6 7.O-O Be7 8.Be3 Nf6 9.
Nd2 Nc6 10.f4 d5 11.exd5 exd5 12.Bf2 O-O 13.Nb3 d4 14.Ne4 Qb6 15.Nxf6+ 
Bxf6 16.Qh5 Nb4 17.Bxb7 Qxb7 18.Nxc5 g6 19.Nxb7 gxh5 20.Nc5 Bg7 21.a3 Nxc2
22.Rac1 Ne3 23.Rfe1 Rfc8 24.Nd7 b4 25.axb4 Nc2 26.Nb6 Nxe1 27.Rxe1 Rab8 
28.Nxc8 Rxc8 29.Ra1 Rc6 30.b5 axb5 31.Ra8+ Bf8 32.Bxd4 f6 33.Rb8 b4 34.Rb6
Rc2 35.Rb5 Kg7 36.Rg5+ Kf7 37.Rxh5 Kg6 38.g4 Rd2 39.f5+ Kg7 40.g5 Be7 41.
Rh3 b3 42.Re3 Kf8 43.g6 hxg6 44.fxg6 Bd6 45.h4 Be5 46.Bxe5 fxe5 47.Rxe5 
Rxb2 48.Rb5 Kg7 49.h5 Rb1+ 50.Kg2 b2 51.Rb7+ Kh6 52.g7 Kh7 53.h6 Rd1 54.
Rxb2 Rxd3 55.Rb8 Rd2+ 56.Kf3 Rd3+ 57.Ke4 Rg3 58.Rh8+ Kg6 59.g8=Q+ 1-0

[Event "29th Rilton Cup"]
[Site "Stockholm SWE"]
[Date "2000.01.03"]
[Round "7"]
[White "Nystroem, Ragnar"]
[Black "Sax, Gyula"]
[Result "0-1"]
[WhiteElo "2145"]
[BlackElo "2588"]
[EventDate "1999.12.27"]
[PlyCount "84"]

1.e4 c5 2.c3 Nf6 3.e5 Nd5 4.d4 cxd4 5.cxd4 e6 6.Nc3 Nxc3 7.bxc3 Qc7 8.Bd2 
d6 9.Nf3 Nd7 10.exd6 Bxd6 11.Bd3 b6 12.O-O Bb7 13.Re1 O-O 14.h3 Rfe8 15.
Rc1 Ba3 16.Rb1 Bd5 17.c4 Bxc4 18.Qc2 Rac8 19.Bxh7+ Kh8 20.Qe4 Nf6 21.Qe3 
Bd6 22.Bd3 Bxa2 23.Ra1 Bd5 24.Ne5 Qe7 25.Qg5 Kg8 26.Qh4 Rc7 27.Re3 g6 28.
Rg3 Ne4 29.Bg5 Nxg5 30.Rxg5 Bxe5 31.dxe5 Kg7 32.Qg4 Rh8 33.Qf4 Rh6 34.Rg3 
Rh4 35.Qd2 Qb4 36.Qe2 Qf4 37.Qb2 Qd4 38.Qb1 Be4 39.Bxe4 Rxe4 40.Rga3 Re2 
41.Rf3 Qxe5 42.Qd1 a5 0-1

[Event "29th Rilton Cup"]
[Site "Stockholm SWE"]
[Date "2000.01.03"]
[Round "7"]
[White "Johansson, Sune"]
[Black "Hillarp Persson, Tiger"]
[Result "0-1"]
[WhiteElo "2198"]
[BlackElo "2507"]
[EventDate "1999.12.27"]
[PlyCount "66"]

1.f4 g6 2.Nf3 Bg7 3.g3 c5 4.Bg2 Nc6 5.O-O d6 6.Nc3 e6 7.e4 Nge7 8.d3 O-O 
9.g4 f5 10.gxf5 gxf5 11.Qe1 Nd4 12.Nxd4 cxd4 13.Ne2 Qb6 14.Kh1 Bd7 15.c4 
fxe4 16.dxe4 Rac8 17.b3 d5 18.Ba3 dxc4 19.bxc4 Rf7 20.Ng3 Rxc4 21.Nh5 Rc2 
22.Qg3 Rc3 23.Rf3 Qa5 24.Bxe7 Qxh5 25.Bd6 Bc6 26.Rxc3 dxc3 27.Bf3 Qg6 28.
Qxg6 hxg6 29.Kg2 c2 30.Rc1 Ba4 31.Be5 Bxe5 32.fxe5 Rd7 33.Kg3 Rd1 0-1

[Event "29th Rilton Cup"]
[Site "Stockholm SWE"]
[Date "2000.01.03"]
[Round "7"]
[White "Rivas Pastor, Manuel"]
[Black "Hallberg, Fredrik"]
[Result "0-1"]
[WhiteElo "2450"]
[BlackElo "2196"]
[EventDate "1999.12.27"]
[PlyCount "80"]

1.d4 Nf6 2.g3 d5 3.f4 g6 4.e3 Bg7 5.c3 O-O 6.Nf3 b6 7.Bd2 c5 8.Ne5 Ne4 9.
Bg2 f6 10.Bxe4 dxe4 11.Ng4 e5 12.dxe5 fxe5 13.O-O Nd7 14.Na3 Qe7 15.Qa4 
Bb7 16.Rad1 Qe6 17.Bc1 Qxg4 18.Rxd7 Bc8 19.Rc7 Bf5 20.Qd1 Rfd8 21.Qxg4 
Bxg4 22.Re1 Rdc8 23.Rxg7+ Kxg7 24.Nc4 exf4 25.exf4 Re8 26.Kf2 h5 27.b4 
cxb4 28.cxb4 Rad8 29.a4 Rd3 30.Ne5 Rd1 31.Nxg4 Rxe1 32.Bb2+ Kf8 33.Nf6 Rb1
34.Bc3 Re6 35.Nh7+ Ke7 36.Ng5 e3+ 37.Kf3 Rf1+ 38.Ke2 Rf2+ 39.Kd3 e2 40.
Nxe6 Kxe6 0-1

[Event "29th Rilton Cup"]
[Site "Stockholm SWE"]
[Date "2000.01.03"]
[Round "7"]
[White "Sjoeberg, Mats"]
[Black "Rubene, Ilze"]
[Result "1-0"]
[WhiteElo "2348"]
[BlackElo "2187"]
[EventDate "1999.12.27"]
[PlyCount "37"]

1.d4 d5 2.c4 c6 3.Nf3 Nf6 4.Nc3 dxc4 5.a4 Bf5 6.e3 e6 7.Bxc4 Bb4 8.O-O 
Nbd7 9.Qb3 a5 10.Nh4 Bg4 11.f3 Nd5 12.fxg4 Qxh4 13.e4 Bd6 14.h3 N5b6 15.e5
Nxc4 16.Ne4 Qd8 17.exd6 Ncb6 18.Rxf7 Nd5 19.Rxg7 1-0

[Event "29th Rilton Cup"]
[Site "Stockholm SWE"]
[Date "2000.01.03"]
[Round "7"]
[White "Couso, Luis"]
[Black "Handke, Harald"]
[Result "0-1"]
[WhiteElo "2334"]
[BlackElo "2170"]
[EventDate "1999.12.27"]
[PlyCount "144"]

1.e4 c5 2.Nf3 e6 3.d4 cxd4 4.Nxd4 a6 5.Nc3 Qc7 6.Bd3 Nc6 7.Nxc6 bxc6 8.O-O
Nf6 9.Re1 e5 10.Na4 Be7 11.Be3 d6 12.Nb6 Rb8 13.Nxc8 Qxc8 14.Qe2 Ra8 15.b4
O-O 16.c4 c5 17.a3 Qc7 18.Qc2 Rfc8 19.b5 Nd7 20.Bf1 Nf8 21.g3 Rcb8 22.Reb1
Ne6 23.a4 a5 24.Bh3 Nd4 25.Qd3 Qd8 26.Ra2 Bg5 27.Bg4 Rb6 28.f4 Bf6 29.Rf2 
Ra7 30.Qf1 Re7 31.Bd2 Qa8 32.f5 Qxe4 33.Bxa5 Rb8 34.Qd1 Ra7 35.Be1 Rxa4 
36.Qxa4 Qxb1 37.Rf1 Qe4 38.Qa7 Ra8 39.Qd7 Qxg4 40.b6 Ne2+ 41.Kf2 Qd4+ 42.
Kg2 Qe4+ 43.Kh3 Rb8 44.Qxd6 Qb7 45.Ba5 Rc8 46.Qd5 Qxd5 47.cxd5 Rb8 48.Rb1 
Rb7 49.Bd2 h6 50.d6 Nd4 51.d7 Bd8 52.Ra1 Nc6 53.Ra8 Rb8 54.b7 Rxb7 55.f6 
Rxd7 56.Be3 Kh7 57.fxg7 Kxg7 58.Bxc5 Be7 59.Be3 Nd4 60.Kg4 Ne6 61.Kf5 Bg5 
62.Bxg5 hxg5 63.Kxe5 Rd2 64.h4 gxh4 65.gxh4 Rh2 66.Ra4 Nf8 67.Kf5 Ng6 68.
Kg5 Rxh4 69.Rxh4 Nxh4 70.Kxh4 Kf6 71.Kh3 Kf5 72.Kg3 Ke4 0-1

[Event "29th Rilton Cup"]
[Site "Stockholm SWE"]
[Date "2000.01.03"]
[Round "7"]
[White "Carlsson, Pontus"]
[Black "Botsari, Ana-Maria"]
[Result "1/2-1/2"]
[WhiteElo "2186"]
[BlackElo "2309"]
[EventDate "1999.12.27"]
[PlyCount "63"]

1.e4 c5 2.Nf3 Nc6 3.d4 cxd4 4.Nxd4 Qc7 5.Nc3 e6 6.Be2 a6 7.O-O Nf6 8.Kh1 
Nxd4 9.Qxd4 Bc5 10.Qd3 b5 11.f4 Bb7 12.Bf3 h5 13.e5 Ng4 14.Bxb7 Qxb7 15.
Ne4 Be7 16.Be3 Rc8 17.Bd4 Qc6 18.c3 h4 19.f5 h3 20.gxh3 Nh6 21.fxe6 dxe6 
22.Rae1 Nf5 23.Qf3 Kf8 24.Nd6 Bxd6 25.Qxc6 Rxc6 26.exd6 Nxd4 27.cxd4 Rxd6 
28.Rc1 Kg8 29.Rc8+ Kh7 30.Rxh8+ Kxh8 31.Rxf7 Rxd4 32.Ra7 1/2-1/2